What next?: (Record no. 5567)

MARC details
000 -LEADER
fixed length control field 00483nam a22001817a 4500
003 - CONTROL NUMBER IDENTIFIER
control field GBCCL
005 - DATE AND TIME OF LATEST TRANSACTION
control field 20241126110545.0
008 - FIXED-LENGTH DATA ELEMENTS--GENERAL INFORMATION
fixed length control field 180327b ||||| |||| 00| 0 eng d
020 ## - INTERNATIONAL STANDARD BOOK NUMBER
International Standard Book Number 0919586155
040 ## - CATALOGING SOURCE
Transcribing agency gbc
082 ## - DEWEY DECIMAL CLASSIFICATION NUMBER
Classification number 220.15
Item number HAR
100 ## - MAIN ENTRY--PERSONAL NAME
Personal name Harlow, R.E.
9 (RLIN) 7390
245 ## - TITLE STATEMENT
Title What next?:
Remainder of title A primer on prophecy /
Statement of responsibility, etc. R.E. Harlow
260 ## - PUBLICATION, DISTRIBUTION, ETC.
Place of publication, distribution, etc. Canada:
Name of publisher, distributor, etc. Everyday Publications,
Date of publication, distribution, etc. 1972
300 ## - PHYSICAL DESCRIPTION
Extent 192 p.;
Other physical details ill.,
Dimensions 21 cm.
650 ## - SUBJECT ADDED ENTRY--TOPICAL TERM
Topical term or geographic name entry element Bible
Form subdivision Prophecy
9 (RLIN) 4622
942 ## - ADDED ENTRY ELEMENTS (KOHA)
Source of classification or shelving scheme Dewey Decimal Classification
Koha item type Books
Holdings
Withdrawn status Lost status Source of classification or shelving scheme Damaged status Not for loan Home library Current Library Shelving location Date acquired Total checkouts Full call number Barcode Date last seen Copy number Price effective from Koha item type
    Dewey Decimal Classification     GRACE BIBLE COLLEGE GRACE BIBLE COLLEGE Biblical Studies 2018-03-27   220.15 HAR 002018 2025-05-01 c.1 2018-03-27 Books
© Grace Bible College Library 2025